|
|
|
|
| LEADER |
01700nam a2200421 i 4500 |
| 001 |
EBC1603266 |
| 003 |
MiAaPQ |
| 005 |
20200520144314.0 |
| 006 |
m o d | |
| 007 |
cr cnu|||||||| |
| 008 |
140214t20142014enka ob 001 0 eng d |
| 020 |
|
|
|z 9781118625033
|
| 020 |
|
|
|a 9781118841945
|q (electronic bk.)
|
| 035 |
|
|
|a (MiAaPQ)EBC1603266
|
| 035 |
|
|
|a (Au-PeEL)EBL1603266
|
| 035 |
|
|
|a (CaPaEBR)ebr10833758
|
| 035 |
|
|
|a (CaONFJC)MIL571624
|
| 035 |
|
|
|a (OCoLC)867001356
|
| 040 |
|
|
|a MiAaPQ
|b eng
|e rda
|e pn
|c MiAaPQ
|d MiAaPQ
|
| 050 |
|
4 |
|a TS171.9
|b .A76 2014
|
| 082 |
0 |
|
|a 745.2
|2 23
|
| 100 |
1 |
|
|a Arner, Magnus.
|
| 245 |
1 |
0 |
|a Statistical robust design :
|b an industrial perspective /
|c Magnus Arner.
|
| 264 |
|
1 |
|a Chichester, England :
|b Wiley,
|c 2014.
|
| 264 |
|
4 |
|c 2014
|
| 300 |
|
|
|a 1 online resource (246 pages) :
|b illustrations
|
| 336 |
|
|
|a text
|2 rdacontent
|
| 337 |
|
|
|a computer
|2 rdamedia
|
| 338 |
|
|
|a online resource
|2 rdacarrier
|
| 504 |
|
|
|a Includes bibliographical references at the end of each chapters and index.
|
| 588 |
|
|
|a Description based on print version record.
|
| 590 |
|
|
|a Electronic reproduction. Ann Arbor, MI : ProQuest, 2015. Available via World Wide Web. Access may be limited to ProQuest affiliated libraries.
|
| 650 |
|
0 |
|a Industrial design
|x Statistical methods.
|
| 650 |
|
0 |
|a Robust statistics.
|
| 655 |
|
4 |
|a Electronic books.
|
| 776 |
0 |
8 |
|i Print version:
|a Arner, Magnus.
|t Statistical robust design : an industrial perspective.
|d Chichester, England : Wiley, c2014
|h x, 234 pages
|z 9781118625033
|w 2013046030
|
| 797 |
2 |
|
|a ProQuest (Firm)
|
| 856 |
4 |
0 |
|u https://ebookcentral.proquest.com/lib/matrademy/detail.action?docID=1603266
|z Click to View
|